| 000 | 00649nam a2200217 a 4500 | ||
|---|---|---|---|
| 005 | 20210219153205.0 | ||
| 008 | 991125n 000 0 eng u | ||
| 035 | _aUPN01000083360 | ||
| 100 | _aDimmitt, Jean Pollard | ||
| 222 | _aSOCIAL EDUCATION | ||
| 245 | _aIntegrating writing and social studies : alternatives to the formal research paper | ||
| 300 | _a382-384 | ||
| 362 | _a1992 56, no. 7 | ||
| 653 | 0 | _aDOCUMENTOS DE INVESTIGACION (ESTUDIANTES) | |
| 653 | 0 | _aESTUDIOS SOCIALES | |
| 653 | 0 | _aINSTRUCCION DE HISTORIA | |
| 653 | 0 | _aWRITING ASSIGNMENTS | |
| 700 | _aCleaf, David W. van | ||
| 904 |
_aAC _b021171 |
||
| 905 | _aArticulo | ||
| 999 |
_c70650 _d70650 |
||